| 000 | 01171nam a2200241Ia 4500 | ||
|---|---|---|---|
| 999 |
_c4886 _d4886 |
||
| 003 | OSt | ||
| 005 | 20200429110224.0 | ||
| 008 | 191128s1976 ck gr 000 0dspa d | ||
| 040 |
_aCO-JMCR _cCO-JMCR |
||
| 041 | 0 | _aspa | |
| 082 | 0 | 4 |
_a304.6 / _bC822c |
| 100 | 1 |
_aBayona Núñez, Alberto, _eautor _93616 |
|
| 245 | 1 | 0 |
_aCrecimiento de población y crecimiento económico : _balgunas interrelaciones / _cAlberto Bayona Nuñez |
| 260 |
_a[Bogotá] : _bCorporación Centro Regional de Población, _c1976 |
||
| 300 |
_a35 páginas ; _c24 cm. |
||
| 490 | 0 |
_aÁrea socio-económica. Monografía ; _v5 |
|
| 504 | _aIncluye bibliografía. | ||
| 505 | _aSelección y formulación del problema -- Objetivos -- El marco de referencia -- El área de estudio -- Metodología -- Los datos -- Los resultados | ||
| 520 | _aCon esta quinta monografía, la Corporación Centro Regional de Población manifiesta su interés por promover la discusión pública en torno al problema de la interrelación entre el crecimiento demográfico y el crecimiento económico. | ||
| 650 | 1 | 4 |
_aPoblación _zColombia _93617 |
| 650 | 2 | 4 |
_aDesarrollo económico _zColombia _93618 |
| 942 |
_2ddc _cBK |
||